000 00776nam a2200253 i 4500
001 186969
003 SpMaBN
005 20230906222803.0
008 170316s1992 sp a |||| |dspa d
020 _a84-88186-53-3
080 _a74 Parra, Elías
100 1 _aParra, Elías.
_9162096
245 1 0 _aElías Parra
_b: deconstrucción mediterránea /
_cManuel Rodríguez Díaz.
246 3 _aFormas plásticas
260 _aMadrid :
_bMRD Grupo,
_c[1992]
300 _a63 p. :
_bil. ;
_c25 cm.
490 1 _aEsquemas
595 _aSuplemento de: Formas plásticas, n. 47.
600 1 7 _aParra, Elías.
_9162096
700 1 _aDíaz Rodríguez, Manuel.
_944411
830 0 _aEsquemas
_9181678
852 _aES-MaACL
_jL-31286
_z- enc. cart.
999 _c186969
_d186969